Investigación de suelos : métodos de laboratorio y procedimientos para recoger muestras

Bibliographic Details
Format: Section = Libro
Language:Undetermined
Spanish
Published: México Trillas 1973
Subjects:
LEADER 00470nam a2200157Ia 4500
008 240829s9999 xx 000 0 und d
040 |a BIBLIOTECA-RUPAP 631.4 C397 
041 |a spa 
082 |a 631.4 C397 
245 1 0 |a Investigación de suelos : métodos de laboratorio y procedimientos para recoger muestras 
260 |a México  |b Trillas  |c 1973 
300 |a 90 p. :il. 
650 7 |a SUELO Y CONSERVACION DE SUELOS. I. Tít. 
942 |c BK  |2 ddc 
991 |a TEXTO 
999 |c 9858